[Event "17th Prague Open 2018"]
[Site "Prague"]
[Date "2018.01.13"]
[Round "2"]
[White "Hrdina, Robin"]
[Black "Akshat, Khamparia"]
[Result "1/2-1/2"]
[WhiteElo "2156"]
[BlackElo "2381"]
[Annotator "NA"]
[PlyCount "109"]
[EventDate "2018.??.??"]
[EventType "swiss"]
[EventCountry "CZE"]
[SourceTitle "playchess.com"]
[Source "ChessBase"]
[SourceQuality "1"]
[TimeControl "40/5400+30:1800+30"]

1. e4 {[%emt 0:05:58]} c6 {[%emt 0:04:17]} 2. d4 {[%emt 0:02:25]} Na6 {[%emt 0:00:06]} 3. Nc3 {[%emt 0:02:57]} Nc7 {[%emt 0:00:06]} 4. Bd3 {[%emt 0:00:48]} g6 {[%emt 0:00:28]} 5. Be3 {[%emt 0:01:05]} Bg7 {[%emt 0:00:08]} 6. Qd2 {[%emt 0:00:47]} d5 {[%emt 0:00:37]} 7. Nge2 {[%emt 0:04:12]} dxe4 {[%emt 0:03:24]} 8. Bxe4 {[%emt 0:01:48]} h5 {[%emt 0:04:42]} 9. O-O-O {[%emt 0:04:28]} Nf6 {[%emt 0:01:09]} 10. Bf3 {[%emt 0:01:48]} Bg4 {[%emt 0:04:06]} 11. Nf4 {[%emt 0:05:56]} Bxf3 {[%emt 0:06:57]} 12. gxf3 {[%emt 0:00:12]} Nfd5 {[%emt 0:02:16]} 13. Ncxd5 {[%emt 0:00:58]} Nxd5 {[%emt 0:00:21]} 14. Kb1 {[%emt 0:01:20]} Nxf4 {[%emt 0:42:42]} 15. Bxf4 {[%emt 0:00:21]} Qd7 {[%emt 0:00:09]} 16. Rhe1 {[%emt 0:05:34]} Bf6 {[%emt 0:01:18]} 17. Be5 {[%emt 0:09:18]} Bxe5 {[%emt 0:01:21]} 18. Rxe5 {[%emt 0:05:17]} O-O-O {[%emt 0:01:40]} 19. Qa5 {[%emt 0:07:30]} Kb8 {[%emt 0:02:20]} 20. d5 {[%emt 0:06:44]} Qd6 {[%emt 0:03:56]} 21. Rde1 {[%emt 0:01:40]} Rd7 {[%emt 0:09:01]} 22. c4 {[%emt 0:04:42]} cxd5 {[%emt 0:01:31]} 23. Rxd5 {[%emt 0:00:17]} Qc7 {[%emt 0:00:18]} 24. Qxc7+ {[%emt 0:04:16]} Kxc7 {[%emt 0:00:26]} 25. Rxd7+ {[%emt 0:01:06]} Kxd7 {[%emt 0:00:01]} 26. Kc2 {[%emt 0:00:08]} h4 {[%emt 0:05:16]} 27. Kd3 {[%emt 0:01:08]} Rh5 {[%emt 0:01:36]} 28. Re4 {[%emt 0:02:40]} f5 {[%emt 0:02:10]} 29. Rd4+ {[%emt 0:00:22]} Kc7 {[%emt 0:00:04]} 30. f4 {[%emt 0:02:46]} h3 {[%emt 0:00:17]} 31. Ke3 {[%emt 0:03:36]} Rh4 {[%emt 0:00:22]} 32. f3 {[%emt 0:00:05]} Rh8 {[%emt 0:01:55]} 33. Rd3 {[%emt 0:05:30]} Rg8 {[%emt 0:00:38]} 34. Kd4 {[%emt 0:04:53]} Rd8+ {[%emt 0:00:16]} 35. Kc3 {[%emt 0:00:07]} Rg8 {[%emt 0:00:10]} 36. a3 {[%emt 0:00:57]} e6 {[%emt 0:00:45]} 37. b4 {[%emt 0:00:52]} g5 {[%emt 0:00:38]} 38. fxg5 {[%emt 0:00:22]} f4 {[%emt 0:00:15]} 39. Kd4 {[%emt 0:01:30]} Rxg5 {[%emt 0:00:13]} 40. Ke4 {[%emt 0:00:11]} Rg2 {[%emt 0:30:52]} 41. Kxf4 {[%emt 0:31:26]} Rxh2 {[%emt 0:00:06]} 42. Kg3 {[%emt 0:00:54]} Rc2 {[%emt 0:00:22]} 43. Kxh3 {[%emt 0:00:18]} Rxc4 {[%emt 0:00:03]} 44. Kg3 {[%emt 0:00:07]} e5 {[%emt 0:01:41]} 45. Rd5 {[%emt 0:02:31]} e4 {[%emt 0:00:00]} 46. fxe4 {[%emt 0:00:00]} Rxe4 {[%emt 0:00:00]} 47. Kf3 {[%emt 0:00:00]} Re1 {[%emt 0:00:00]} 48. Kf2 {[%emt 0:00:00]} Re7 {[%emt 0:00:00]} 49. Kf3 {[%emt 0:00:00]} Kc6 {[%emt 0:00:00]} 50. Rc5+ {[%emt 0:00:00]} Kd6 {[%emt 0:00:00]} 51. Rh5 {[%emt 0:00:00]} b6 {[%emt 0:00:00]} 52. a4 {[%emt 0:00:00]} Rc7 {[%emt 0:00:00]} 53. Ke3 {[%emt 0:00:00]} Rc4 {[%emt 0:00:00]} 54. Rh6+ {[%emt 0:00:00]} Kd5 {[%emt 0:00:00]} 55. Rh5+ {[%emt 0:00:00] Ke5 Ke4+} 1/2-1/2

[Event "17th Prague Open 2018"]
[Site "Prague"]
[Date "2018.01.13"]
[Round "2"]
[White "Nie, Xin"]
[Black "Szpar, Milosz"]
[Result "1/2-1/2"]
[WhiteElo "2154"]
[BlackElo "2367"]
[Annotator "NA"]
[PlyCount "111"]
[EventDate "2018.??.??"]
[EventType "swiss"]
[EventCountry "CZE"]
[SourceTitle "playchess.com"]
[Source "ChessBase"]
[SourceQuality "1"]
[TimeControl "40/5400+30:1800+30"]

1. d4 {[%emt 0:00:00]} Nf6 {[%emt 0:00:27]} 2. c4 {[%emt 0:00:00]} g6 {[%emt 0:00:29]} 3. Nc3 {[%emt 0:00:06]} d5 {[%emt 0:00:33]} 4. cxd5 {[%emt 0:00:31]} Nxd5 {[%emt 0:00:24]} 5. Bd2 {[%emt 0:00:19]} Nb6 {[%emt 0:01:34]} 6. e3 {[%emt 0:00:10]} Bg7 {[%emt 0:00:21]} 7. f4 {[%emt 0:00:11]} O-O {[%emt 0:01:47]} 8. Nf3 {[%emt 0:00:49]} N8d7 {[%emt 0:04:05]} 9. Ne4 {[%emt 0:06:36]} Nd5 {[%emt 0:03:52]} 10. Bc4 {[%emt 0:08:20]} e6 {[%emt 0:01:02]} 11. O-O {[%emt 0:03:42]} b6 {[%emt 0:01:42]} 12. Qb3 {[%emt 0:06:55]} Bb7 {[%emt 0:01:03]} 13. Nc3 {[%emt 0:14:41]} N5f6 {[%emt 0:10:06]} 14. Rad1 {[%emt 0:03:21]} c5 {[%emt 0:03:04]} 15. dxc5 {[%emt 0:02:26]} Nxc5 {[%emt 0:00:13]} 16. Qa3 {[%emt 0:01:41]} Rc8 {[%emt 0:05:10]} 17. Be1 {[%emt 0:04:57]} Nd5 {[%emt 0:16:52]} 18. Bxd5 {[%emt 0:06:07]} exd5 {[%emt 0:01:04]} 19. b4 {[%emt 0:00:52]} Ne6 {[%emt 0:03:07]} 20. Qxa7 {[%emt 0:04:22]} Qc7 {[%emt 0:03:04]} 21. Nb5 {[%emt 0:08:12]} Qc6 {[%emt 0:00:53]} 22. Nd6 {[%emt 0:00:28]} Qxd6 {[%emt 0:00:56]} 23. Qxb7 {[%emt 0:00:05]} Rfd8 {[%emt 0:06:09]} 24. Qa6 {[%emt 0:02:28]} Qc6 {[%emt 0:04:12]} 25. Bh4 {[%emt 0:03:23]} Rd7 {[%emt 0:04:17]} 26. Qd3 {[%emt 0:01:42]} Qa4 {[%emt 0:00:56]} 27. f5 {[%emt 0:04:01]} gxf5 {[%emt 0:05:56]} 28. Qxf5 {[%emt 0:00:06]} Qc2 {[%emt 0:10:10]} 29. e4 {[%emt 0:02:33]} Ra7 {[%emt 0:05:04]} 30. Rxd5 {[%emt 0:00:59]} Rxa2 {[%emt 0:01:40]} 31. Rd2 {[%emt 0:02:01]} Qc4 {[%emt 0:02:43]} 32. Rxa2 {[%emt 0:00:54]} Qxa2 {[%emt 0:00:16]} 33. Ng5 {[%emt 0:00:19]} Rc7 {[%emt 0:01:34]} 34. Qxh7+ {[%emt 0:01:19]} Kf8 {[%emt 0:00:04]} 35. Qf5 {[%emt 0:01:25]} Nd4 {[%emt 0:01:34]} 36. Qd5 {[%emt 0:01:15]} Qxd5 {[%emt 0:01:00]} 37. exd5 {[%emt 0:00:02]} Kg8 {[%emt 0:00:38]} 38. d6 {[%emt 0:05:10]} Rd7 {[%emt 0:00:27]} 39. Nxf7 {[%emt 0:00:31]} Nc6 {[%emt 0:00:50]} 40. b5 {[%emt 0:01:47]} Nd4 {[%emt 0:30:09]} 41. Be7 {[%emt 0:33:18]} Nxb5 {[%emt 0:00:33]} 42. h4 {[%emt 0:02:11]} Nxd6 {[%emt 0:00:00]} 43. Bxd6 {[%emt 0:00:00]} Rxf7 {[%emt 0:00:00]} 44. Rxf7 {[%emt 0:00:00]} Kxf7 {[%emt 0:00:00]} 45. Kf2 {[%emt 0:00:00]} b5 {[%emt 0:00:00]} 46. Ke3 {[%emt 0:00:00]} Ke6 {[%emt 0:00:00]} 47. Bb4 {[%emt 0:00:00]} Kf5 {[%emt 0:00:00]} 48. Kf3 {[%emt 0:00:00]} Be5 {[%emt 0:00:00]} 49. g4+ {[%emt 0:00:00]} Kf6 {[%emt 0:00:00]} 50. Ke4 {[%emt 0:00:00]} Bg3 {[%emt 0:00:00]} 51. h5 {[%emt 0:00:00]} Bc7 {[%emt 0:00:00]} 52. Kd5 {[%emt 0:00:00]} Kg5 {[%emt 0:00:00]} 53. Bc3 {[%emt 0:00:00]} Bf4 {[%emt 0:00:00]} 54. Bg7 {[%emt 0:00:00]} Kxg4 {[%emt 0:00:00]} 55. h6 {[%emt 0:00:00]} Bxh6 {[%emt 0:00:00]} 56. Bxh6 {[%emt 0:00:00]} 1/2-1/2

[Event "17th Prague Open 2018"]
[Site "Prague"]
[Date "2018.01.13"]
[Round "2"]
[White "Lindbol, Aleksander"]
[Black "Melamed, Tatjana"]
[Result "1/2-1/2"]
[WhiteElo "2146"]
[BlackElo "2347"]
[Annotator "NA"]
[PlyCount "133"]
[EventDate "2018.??.??"]
[EventType "swiss"]
[EventCountry "CZE"]
[SourceTitle "playchess.com"]
[Source "ChessBase"]
[SourceQuality "1"]
[TimeControl "40/5400+30:1800+30"]

1. c4 {[%emt 0:00:00]} Nf6 {[%emt 0:00:31]} 2. Nc3 {[%emt 0:00:00]} g6 {[%emt 0:00:25]} 3. d4 {[%emt 0:00:56]} Bg7 {[%emt 0:00:57]} 4. e4 {[%emt 0:01:18]} d6 {[%emt 0:00:30]} 5. Nf3 {[%emt 0:00:09]} O-O {[%emt 0:00:32]} 6. Be2 {[%emt 0:00:32]} Na6 {[%emt 0:00:49]} 7. O-O {[%emt 0:02:47]} e5 {[%emt 0:02:02]} 8. dxe5 {[%emt 0:04:20]} dxe5 {[%emt 0:00:18]} 9. Be3 {[%emt 0:00:08]} Ng4 {[%emt 0:10:02]} 10. Bg5 {[%emt 0:02:28]} Qe8 {[%emt 0:19:09]} 11. h3 h6 12. hxg4 {[%emt 0:34:56]} hxg5 {[%emt 0:02:22]} 13. Nxg5 {[%emt 0:00:20]} Qe7 {[%emt 0:05:53]} 14. Nf3 {[%emt 0:06:44]} Bxg4 {[%emt 0:03:34]} 15. Nd5 {[%emt 0:01:19]} Qd8 {[%emt 0:04:31]} 16. Qc2 {[%emt 0:01:31]} c6 {[%emt 0:03:24]} 17. Ne3 {[%emt 0:01:12]} Bxf3 {[%emt 0:05:59]} 18. Bxf3 {[%emt 0:00:16]} Nc5 {[%emt 0:00:35]} 19. Bg4 {[%emt 0:08:15]} a5 {[%emt 0:01:15]} 20. Rad1 {[%emt 0:01:11]} Qg5 {[%emt 0:04:18]} 21. g3 {[%emt 0:02:31]} Rfd8 {[%emt 0:05:14]} 22. Kg2 {[%emt 0:01:16]} Rd4 {[%emt 0:01:29]} 23. Bf3 {[%emt 0:05:37]} Ne6 {[%emt 0:04:39]} 24. c5 {[%emt 0:05:06]} Bf8 {[%emt 0:02:03]} 25. Rh1 {[%emt 0:09:56]} Bxc5 {[%emt 0:02:30]} 26. Bg4 {[%emt 0:03:18]} Rxd1 {[%emt 0:12:15]} 27. Rxd1 {[%emt 0:00:10]} Bxe3 {[%emt 0:01:09]} 28. Bxe6 {[%emt 0:00:08]} Bd4 {[%emt 0:00:30]} 29. Bc4 {[%emt 0:01:11]} Kg7 {[%emt 0:02:36]} 30. Rh1 {[%emt 0:01:07]} Rd8 {[%emt 0:01:22]} 31. Qe2 {[%emt 0:01:32]} b5 {[%emt 0:00:39]} 32. Bd3 {[%emt 0:01:52]} Bxb2 {[%emt 0:01:14]} 33. f4 {[%emt 0:00:14]} Qf6 {[%emt 0:01:08]} 34. f5 {[%emt 0:00:42]} Bc3 {[%emt 0:01:41]} 35. Rf1 {[%emt 0:01:31]} Qg5 {[%emt 0:00:36]} 36. fxg6 {[%emt 0:00:50]} Qxg6 {[%emt 0:00:52]} 37. Rf5 {[%emt 0:00:32]} f6 {[%emt 0:00:28]} 38. Qe3 {[%emt 0:01:58]} Bd4 {[%emt 0:00:22]} 39. Qc1 {[%emt 0:00:01]} Bf2 {[%emt 0:01:06]} 40. Rf3 {[%emt 0:00:02]} Rxd3 {[%emt 0:30:35]} 41. Rxd3 {[%emt 0:30:22]} Qxe4+ {[%emt 0:00:11]} 42. Rf3 {[%emt 0:00:57]} Bd4 {[%emt 0:00:00]} 43. Qf1 {[%emt 0:00:00]} f5 {[%emt 0:00:00]} 44. Kh2 {[%emt 0:00:00]} Kg6 {[%emt 0:00:00]} 45. g4 {[%emt 0:00:00]} f4 {[%emt 0:00:00]} 46. Qh3 {[%emt 0:00:00]} Qc2+ {[%emt 0:00:00]} 47. Kh1 {[%emt 0:00:00]} Kg7 {[%emt 0:00:00]} 48. g5 {[%emt 0:00:00]} Qh7 {[%emt 0:00:00]} 49. Kg2 {[%emt 0:00:00]} Qxh3+ {[%emt 0:00:00]} 50. Rxh3 {[%emt 0:00:00]} c5 {[%emt 0:00:00]} 51. Rh6 {[%emt 0:00:44]} e4 {[%emt 0:00:00]} 52. Re6 {[%emt 0:01:01]} f3+ {[%emt 0:00:00]} 53. Kg3 {[%emt 0:01:36]} f2 {[%emt 0:00:00]} 54. Kg2 {[%emt 0:00:03]} e3 {[%emt 0:00:00]} 55. Kf1 {[%emt 0:00:05]} c4 {[%emt 0:00:00]} 56. Re4 {[%emt 0:02:10]} Bb2 {[%emt 0:00:00]} 57. Rxe3 {[%emt 0:00:07]} b4 {[%emt 0:00:00]} 58. Re7+ {[%emt 0:00:40]} Kg6 {[%emt 0:00:00]} 59. Kxf2 {[%emt 0:02:03]} a4 {[%emt 0:00:00]} 60. Rc7 {[%emt 0:01:15]} c3 {[%emt 0:02:45]} 61. Ke2 {[%emt 0:00:47]} a3 {[%emt 0:07:10]} 62. Kd3 {[%emt 0:00:18]} b3 {[%emt 0:00:14]} 63. axb3 {[%emt 0:00:05]} a2 {[%emt 0:00:03]} 64. Ra7 {[%emt 0:00:07]} a1=Q {[%emt 0:00:26]} 65. Rxa1 {[%emt 0:00:06]} Bxa1 {[%emt 0:00:03]} 66. b4 {[%emt 0:00:05]} Kxg5 {[%emt 0:00:46]} 67. b5 {[%emt 0:00:06]} 1/2-1/2

[Event "17th Prague Open 2018"]
[Site "Prague"]
[Date "2018.01.13"]
[Round "2"]
[White "Eriksson, Christian Altenburg"]
[Black "Thakur, Akash"]
[Result "0-1"]
[WhiteElo "2140"]
[BlackElo "2338"]
[Annotator "NA"]
[PlyCount "78"]
[EventDate "2018.??.??"]
[EventType "swiss"]
[EventCountry "CZE"]
[SourceTitle "playchess.com"]
[Source "ChessBase"]
[SourceQuality "1"]
[TimeControl "40/5400+30:1800+30"]

1. e4 {[%emt 0:00:00]} e5 {[%emt 0:02:09]} 2. Nf3 {[%emt 0:00:00]} Nc6 {[%emt 0:00:07]} 3. d4 {[%emt 0:00:00]} exd4 {[%emt 0:00:06]} 4. Nxd4 {[%emt 0:00:00]} Qf6 {[%emt 0:00:13]} 5. Nb3 {[%emt 0:00:59]} Qg6 {[%emt 0:04:33]} 6. Nc3 {[%emt 0:01:50]} Bb4 {[%emt 0:00:31]} 7. f3 {[%emt 0:01:12]} Bxc3+ {[%emt 0:04:12]} 8. bxc3 {[%emt 0:00:12]} Nge7 {[%emt 0:00:04]} 9. Bf4 {[%emt 0:05:58]} d6 {[%emt 0:00:14]} 10. Qd2 {[%emt 0:06:59]} f5 {[%emt 0:01:55]} 11. Bd3 {[%emt 0:08:58]} O-O {[%emt 0:16:08]} 12. Nd4 {[%emt 0:04:47]} fxe4 {[%emt 0:11:07]} 13. Bxe4 {[%emt 0:02:19]} Qf7 {[%emt 0:02:07]} 14. Bg3 {[%emt 0:05:20]} Nxd4 {[%emt 0:10:47]} 15. cxd4 {[%emt 0:03:22]} Bf5 {[%emt 0:03:38]} 16. O-O {[%emt 0:05:08]} Bxe4 {[%emt 0:08:00]} 17. fxe4 {[%emt 0:00:09]} Qc4 {[%emt 0:00:04]} 18. a3 {[%emt 0:11:50]} d5 {[%emt 0:08:39]} 19. Qd3 {[%emt 0:02:52]} Qc6 {[%emt 0:10:07]} 20. e5 {[%emt 0:06:02]} Qe6 {[%emt 0:04:47]} 21. Rab1 {[%emt 0:03:33]} b6 {[%emt 0:02:07]} 22. Rf2 {[%emt 0:04:56]} Rxf2 {[%emt 0:01:27]} 23. Bxf2 {[%emt 0:00:39]} Nc6 {[%emt 0:00:20]} 24. Be1 {[%emt 0:10:08]} Rf8 {[%emt 0:00:29]} 25. Bc3 {[%emt 0:03:07]} Qf5 {[%emt 0:02:17]} 26. Qxf5 {[%emt 0:02:16]} Rxf5 {[%emt 0:00:05]} 27. Re1 {[%emt 0:00:12]} Kf7 {[%emt 0:01:43]} 28. e6+ {[%emt 0:02:05]} Ke7 {[%emt 0:01:20]} 29. Bb4+ {[%emt 0:00:30]} Ke8 {[%emt 0:02:45]} 30. e7 {[%emt 0:03:21]} a5 {[%emt 0:01:19]} 31. Bd2 {[%emt 0:02:15]} Nxe7 {[%emt 0:00:26]} 32. g4 {[%emt 0:00:29]} Rf7 {[%emt 0:00:11]} 33. Kg2 {[%emt 0:01:09]} Kd7 {[%emt 0:00:06]} 34. Kg3 {[%emt 0:00:39]} Nc6 {[%emt 0:00:26]} 35. Bc3 {[%emt 0:01:44]} Na7 {[%emt 0:00:14]} 36. Re5 {[%emt 0:00:37]} Nb5 {[%emt 0:01:07]} 37. Bb2 {[%emt 0:01:16]} c6 {[%emt 0:00:10]} 38. a4 {[%emt 0:00:44]} Nd6 {[%emt 0:00:05]} 39. Ba3 {[%emt 0:00:30]} Nc4 {[%emt 0:00:42]} 0-1

[Event "17th Prague Open 2018"]
[Site "Prague"]
[Date "2018.01.13"]
[Round "2"]
[White "Balenovic, Zvonimir"]
[Black "Luukkonen, Tommi"]
[Result "0-1"]
[WhiteElo "2129"]
[BlackElo "2331"]
[Annotator "NA"]
[PlyCount "90"]
[EventDate "2018.??.??"]
[EventType "swiss"]
[EventCountry "CZE"]
[SourceTitle "playchess.com"]
[Source "ChessBase"]
[SourceQuality "1"]
[TimeControl "40/5400+30:1800+30"]

1. Nf3 {[%emt 0:00:00]} c5 {[%emt 0:01:31]} 2. g3 {[%emt 0:00:45]} g6 {[%emt 0:00:21]} 3. Bg2 {[%emt 0:00:44]} Bg7 {[%emt 0:00:05]} 4. c4 {[%emt 0:00:25]} Nc6 {[%emt 0:00:09]} 5. O-O {[%emt 0:00:15]} e6 {[%emt 0:00:36]} 6. Nc3 {[%emt 0:03:11]} Nge7 {[%emt 0:00:20]} 7. d3 {[%emt 0:00:39]} O-O {[%emt 0:00:54]} 8. e3 {[%emt 0:10:52] A37: Symmetrical English vs ...g6: 4 Bg2 Bg7 5 Nf3} (8. Bg5 h6 9. Bd2 b6 10. a3 Bb7 11. Rb1 a5 12. Nb5 d5 13. Qc1 Kh7 14. Rd1 Qd7 15. e3 Rac8 16. Qc2 e5 17. cxd5 Nxd5 {½-½ (85) Almasi,Z (2682)-Ponkratov,P (2613) Riadh 2017}) 8... d5 {[%emt 0:00:35]} 9. cxd5 {[%emt 0:00:22]} Nb4 $146 {[%emt 0:07:21]} ({Predecessor:} 9... exd5 10. e4 d4 11. Na4 b6 12. b3 Ba6 13. Bf4 h6 14. g4 g5 {0-1 (35) Vrtal,J (2093)-Fuskova,M (2063) Stare Mesto 2016}) 10. d4 {[%emt 0:07:53]} cxd4 {[%emt 0:01:04]} 11. Nxd4 {[%emt 0:02:09]} Nexd5 {[%emt 0:01:56]} 12. Nxd5 {[%emt 0:03:18]} Nxd5 {[%emt 0:00:12]} 13. Re1 {[%emt 0:02:10]} Qb6 {[%emt 0:01:07]} 14. b3 {[%emt 0:09:06]} Rd8 {[%emt 0:00:52]} 15. Bb2 {[%emt 0:06:09]} e5 {[%emt 0:05:01]} 16. Bxd5 {[%emt 0:03:52]} Rxd5 {[%emt 0:01:17]} 17. Qf3 {[%emt 0:00:11]} Qd8 {[%emt 0:00:25]} 18. e4 {[%emt 0:08:25]} Rxd4 {[%emt 0:00:33]} 19. Bxd4 {[%emt 0:00:07]} exd4 {[%emt 0:00:04]} 20. e5 Qb6 {[%emt 0:00:39]} 21. g4 {[%emt 0:04:07]} Be6 {[%emt 0:02:59]} 22. Rad1 {[%emt 0:00:38]} Rd8 {[%emt 0:02:42]} 23. Qf4 {[%emt 0:05:32]} Rd5 {[%emt 0:03:02]} 24. Qg3 {[%emt 0:08:29]} g5 {[%emt 0:02:47]} 25. Re4 {[%emt 0:01:39]} Qc5 {[%emt 0:02:42]} 26. Rde1 {[%emt 0:02:27]} d3 {[%emt 0:00:44]} 27. h3 {[%emt 0:01:37]} d2 {[%emt 0:03:58]} 28. Rd1 {[%emt 0:00:01]} Bxe5 {[%emt 0:02:30]} 29. Qf3 {[%emt 0:04:46]} Qd6 {[%emt 0:01:29]} 30. Qe3 {[%emt 0:02:23]} Bh2+ {[%emt 0:02:31]} 31. Kf1 {[%emt 0:02:37]} Qa6+ {[%emt 0:02:45]} 32. Qe2 {[%emt 0:03:30]} Qc6 {[%emt 0:01:00]} 33. f3 {[%emt 0:02:22]} Bf4 {[%emt 0:00:10]} 34. Kg2 {[%emt 0:00:49]} Qd6 {[%emt 0:00:48]} 35. Qf2 {[%emt 0:00:42]} Rd3 {[%emt 0:00:43]} 36. Qe2 {[%emt 0:01:55]} h5 {[%emt 0:03:04]} 37. gxh5 $19 {[%emt 0:01:42]} Bh2 {[%emt 0:03:48]} 38. Rxe6 {[%emt 0:01:03]} fxe6 {[%emt 0:00:41]} 39. Qe4 {[%emt 0:00:17]} Qg3+ {[%emt 0:03:09]} 40. Kh1 {[%emt 0:00:04]} Qxf3+ {[%emt 0:30:03]} 41. Qxf3 {[%emt 0:30:21]} Rxf3 {[%emt 0:00:02]} 42. Kxh2 {[%emt 0:00:39]} Rd3 {[%emt 0:00:05]} 43. Kg2 {[%emt 0:01:06]} Kh7 {[%emt 0:00:19]} 44. Kf1 {[%emt 0:00:58]} Kh6 {[%emt 0:00:15]} 45. Ke2 {[%emt 0:00:17]} Rd5 0-1

[Event "17th Prague Open 2018"]
[Site "Prague"]
[Date "2018.01.13"]
[Round "3"]
[White "Kiriakov, Petr"]
[Black "Tarun, V Kanth"]
[Result "1-0"]
[WhiteElo "2528"]
[BlackElo "2077"]
[Annotator "TA"]
[PlyCount "97"]
[EventDate "2018.??.??"]
[EventType "swiss"]
[EventCountry "CZE"]
[SourceTitle "playchess.com"]
[Source "ChessBase"]
[SourceQuality "1"]

{[%evp 24,97,43,35,33,20,31,23,27,23,68,63,81,75,60,62,79,83,84,81,72,25,31,21,37,37,31,37,35,29,64,67,54,64,74,75,90,64,98,76,111,81,197,186,206,192,235,231,226,216,232,225,221,163,202,200,306,297,378,373,333,317,300,325,310,299,444,436,622,592,553,554,727,716,766,765]} 1. d4 d5 2. c4 e6 3. Nc3 Nf6 4. cxd5 exd5 5. Bg5 Be7 6. e3 c6 7. Qc2 Nbd7 {[%cal Bb8d7,Bd7f8,Bf8g6][%mdl 32]} 8. Nf3 O-O 9. Bd3 Re8 10. O-O Nf8 11. h3 Ng6 12. Rab1 Be6 {D36: Queen's Gambit Declined: Exchange Variation: Main line (5 Bg5 c6 6 Qc2)} (12... Bd6 13. Nh4 Nf8 14. Nf3 h6 15. Bf4 Bxf4 16. exf4 Ne6 17. Qd2 Ne4 18. Nxe4 dxe4 19. Bxe4 Nxd4 20. Nxd4 Rxe4 {0-1 (57) Ruck,R (2574)-Fressinet,L (2673) Mainz 2008}) 13. b4 {LiveBook: 3 Games} a6 14. Na4 $146 ({Predecessor:} 14. a4 Qd7 15. Ne5 Qc8 16. Ne2 Nd7 17. Nxd7 Qxd7 18. Bxe7 Qxe7 19. b5 axb5 20. axb5 Rec8 21. bxc6 bxc6 22. Rfc1 Bd7 23. Rb7 Rcb8 24. Ba6 Qd6 25. Rcb1 Ne7 26. Qb3 {½-½ (26) Lepeskaite,M (1742)-Rodrigues,F (1949) Kemer 2009}) 14... Ne4 {The position is equal.} 15. Bxe7 Rxe7 16. Nc5 f5 17. a4 Bf7 18. Rfc1 Qd6 19. b5 axb5 20. axb5 b6 {[#]} 21. Na4 $1 {[%cal Ra4b6]} cxb5 22. Bxb5 (22. Rxb5 $5 {[%cal Ra4b6]} Rb7 23. Rcb1 $16) 22... f4 $1 23. Qc6 Rb8 24. Qxd6 Nxd6 25. exf4 Nxf4 26. Bf1 Nc4 27. Nc3 Rc7 28. g3 $36 {[%mdl 2048] White is more active.} Ng6 29. Nb5 Re7 30. Rb4 Rd8 31. Nc3 Kf8 32. h4 h5 (32... Rc7 $16) 33. Ng5 $18 Bg8 34. Be2 Rde8 35. Bxh5 Re1+ 36. Rxe1 Rxe1+ 37. Kg2 Ne7 38. Bf3 g6 39. Ra4 Kg7 (39... Na5 $142 40. Rb4 Nc4) 40. Ra7 Kf6 41. Rb7 Ra1 42. Nb5 Rb1 43. Nc7 {[#] White threatens Ne8+ and mate.} Nd6 44. Rb8 {And now Rd8 would win.} Bf7 (44... Rc1 $142) 45. Rd8 {White is clearly winning.} Nec8 (45... Nef5 $142 46. Bxd5 Re1) 46. Nxd5+ Bxd5 47. Bxd5 Ke7 48. Rg8 Rd1 49. Be6 {Precision: White = 81%, Black = 52%.} 1-0

[Event "17th Prague Open 2018"]
[Site "Prague"]
[Date "2018.01.13"]
[Round "3"]
[White "Stefansson, Hannes"]
[Black "Prudnykova, Olga"]
[Result "1-0"]
[WhiteElo "2523"]
[BlackElo "2280"]
[Annotator "TA"]
[PlyCount "61"]
[EventDate "2018.??.??"]
[EventType "swiss"]
[EventCountry "CZE"]
[SourceTitle "playchess.com"]
[Source "ChessBase"]
[SourceQuality "1"]

{[%evp 21,61,24,55,51,47,70,104,105,97,97,124,30,116,122,166,158,173,152,173,177,196,139,140,78,88,60,235,178,155,-61,142,150,172,179,182,175,576,325,309,331,639,653]} 1. d4 Nf6 2. c4 g6 3. Nf3 Bg7 4. g3 d5 5. cxd5 Nxd5 6. Bg2 Nb6 7. O-O Nc6 8. e3 {[%cal Be2e3,Be3e4,Be4d5,Bd5d6][%mdl 32]} O-O 9. Nc3 a5 10. d5 Nb4 {D76: Fianchetto Grünfeld: Main Line with 7...Nb6} 11. e4 e6 {[%cal Re6d5] LiveBook: 5 Games} (11... f5 12. Ng5 fxe4 13. Bxe4 Bf5 14. Ne6 Bxe6 15. dxe6 c6 16. Qb3 Qd6 17. Rd1 N4d5 18. Bxd5 Nxd5 19. Nxd5 cxd5 20. Qxd5 Qxd5 21. Rxd5 {1-0 (58) Efimenko,Z (2689)-Sedlak,N (2557) Vrnjacka Banja 2010}) 12. Bg5 f6 $146 {White is slightly better.} ({Predecessor:} 12... Qd7 13. a3 Na6 14. Rc1 exd5 15. exd5 Qf5 16. Bf4 Bd7 17. d6 c6 18. Re1 {1-0 (33) Bochev,K (2117)-Scripcaru,G (2267) Teteven 2015}) 13. Be3 exd5 14. Bxb6 cxb6 15. exd5 f5 16. Qb3 (16. a3 $16 Bxc3 17. bxc3 Nxd5 18. Re1) 16... Bd7 (16... f4 $11) 17. Rfe1 $16 Nd3 {Strongly threatening ...a4.} 18. d6+ $1 Kh8 19. Re7 Nc5 20. Qc4 $1 {aiming for Ng5.} Be8 21. Rd1 ({Stronger than} 21. Ng5 Qxd6 22. Rae1 h6 $15) (21. Qf4 $18) 21... Bf6 22. Rc7 (22. Qe2 $142) 22... Bc6 23. Ne1 Bd7 $2 (23... Rc8 $14) 24. Nd5 ({Don't take} 24. Bxb7 $6 Be6 $16) 24... Be6 {[#]} 25. Nxf6 $2 ({White should try} 25. Qc1 $1 $16 Bxd5 26. Rxd5) 25... Qxf6 $2 (25... Qxc7 $1 $15 {keeps the upper hand.} 26. Qxe6 Qg7) 26. Bd5 f4 27. Qxf4 Rad8 {[#]} 28. Bxe6 $1 $40 {[%mdl 128] White is out for blood.} Qxb2 $2 (28... Qxf4 {is more resistant.} 29. gxf4 Nxe6 30. Rxb7 Nxf4 31. Rxb6 Rf6) 29. Qe3 Nxe6 30. Rxb7 Nc5 $2 {[#]} (30... Ng7 31. Rxb6 Qxa2) 31. Qxc5 $1 {[%mdl 512] Precision: White = 65%, Black = 32%.} 1-0

[Event "17th Prague Open 2018"]
[Site "Prague"]
[Date "2018.01.13"]
[Round "3"]
[White "Neuman, Petr"]
[Black "Zwahr, Paul"]
[Result "1/2-1/2"]
[WhiteElo "2452"]
[BlackElo "2269"]
[Annotator "TA"]
[PlyCount "33"]
[EventDate "2018.??.??"]
[EventType "swiss"]
[EventCountry "CZE"]
[SourceTitle "playchess.com"]
[Source "ChessBase"]
[SourceQuality "1"]

{[%evp 18,33,-37,-46,-39,-88,-77,-87,-80,-81,-79,-79,-59,-46,-53,-62,-42,-53]} 1. e4 e5 2. Nf3 Nc6 3. c3 d5 4. d3 Nf6 5. Nbd2 a5 6. Be2 Bc5 7. O-O O-O 8. b3 Qe7 {C44: Ponziani Opening and Scotch Gambit} 9. a3 Rd8 10. Qc2 {LiveBook: 6 Games} d4 11. c4 Nh5 12. g3 Bh3 13. Re1 g6 14. Kh1 $146 Ng7 15. Ng1 {Black is slightly better.} Bd7 16. f4 f6 17. Ndf3 1/2-1/2